000 01149nam a22002897a 4500
005 20121112114056.0
008 101019t xxu||||| |||| 00| 0 hin d
010 _aHIN-97956
020 _c200.00
_a9788177144383
035 _aHN-70302
037 _bDBAD / PUB
040 _aDPL
_bHN
082 _a921
100 _923632
_aमिश्र,रविकांत
245 _aभारत के महान समाज सुधारक /
_cरविकांत मिश्र
260 _aनई दिल्ली
_bप्रकाशन संस्थान
_c2012
270 _bनई दिल्ली
_a4268-बी/3अंसारी रोड़ दरियागंज
_e110002
300 1 _a128पृ.
_c21सेमी (सजिल्द)
650 _9657
650 _9698
700 _948760
700 _953579
_aमाथुर,सुरेशचंद्र
710 _934811
710 _935049
942 _2ddc
_cHN
_mमिश्रर
_h921
999 _c72669
_d72669